Statistics for Irish Premier League Players with most appearances

Click here to take the quiz!

General Stats

  • This quiz has been taken 34 times
  • The average score is 6 of 10

Answer Stats

NAnswerClub(s)AppearancesGoals% Correct
8Robbie KeaneCoventry City, Leeds United, Tottenham Hotspurs. Liverpool, West Ham, Aston Villa349126
100%
6Roy KeaneNottingham Forest, Manchester United36639
100%
4Damien DuffBlackburn Rovers, Chelsea, Newcastle United, Fulham39254
75%
1Shay GivenBlackburn Rovers, Newcastle United, Manchester City, Aston Villa, Stoke City4510
75%
3John O'SheaManchester United, Sunderland42113
68%
2Richard DunneEverton, Manchester City, Aston Villa, QPR43110
43%
9Shane LongReading, West Bromwich Albion, Hull City, Southampton34456
43%
5Stephen CarrTottenham Hotspurs, Newcastle United, Birmingham3778
25%
7Rory DelapDerby County, Southampton, Sunderland35923
21%
10Kenny CunninghamWimbledon, Birmingham3350
14%

Score Distribution

Percentile by Number Answered

Percent of People with Each Score

Your Score History

You have not taken this quiz